[Event "Gibraltar Challengers-A"]
[Site "Caleta"]
[Date "2018.01.26"]
[Round "5"]
[White "De Vega Fernandez, Francisco Javier"]
[Black "O'Neil, Jim"]
[Result "1/2-1/2"]
[WhiteElo "1784"]
[BlackElo "1904"]
[PlyCount "64"]
[EventDate "2018.01.22"]
[EventType "swiss"]
[EventRounds "5"]
[EventCountry "GGB"]
[SourceTitle "EXT 2019"]
[Source "ChessBase"]
[SourceDate "2018.10.10"]
[SourceVersion "1"]
[SourceVersionDate "2018.10.10"]
[SourceQuality "1"]

1. e4 c5 2. Nc3 Nc6 3. Bb5 e6 4. Bxc6 bxc6 5. f4 d5 6. d3 Ba6 7. e5 Rb8 8. Nf3 Ne7 9. 0-0 Nf5 10. b3 Be7 11. Na4 0-0 12. c4 Qc7 13. Qe1 Nd4 14. Qf2 Nxf3+ 15. Qxf3 f6 16. Qe2 fxe5 17. fxe5 Rxf1+ 18. Kxf1 Rf8+ 19. Kg1 Rf5 20. Bb2 d4 21. Re1 Qa5 22. Bc1 Bc8 23. g4 Rf8 24. Rf1 Rxf1+ 25. Kxf1 Bd7 26. Ba3 Qd8 27. Qf3 Qa5 28. Ke2 Bh4 29. Qf1 Bg5 30. Qe1 Qc7 31. Qg3 Qa5 32. Qe1 Qc7 1/2-1/2

[Event "Gibraltar Challengers-A"]
[Site "Caleta"]
[Date "2018.01.24"]
[Round "3"]
[White "Bolt, Graham"]
[Black "De Vega Fernandez, Francisco Javier"]
[Result "1-0"]
[WhiteElo "2094"]
[BlackElo "1784"]
[PlyCount "53"]
[EventDate "2018.01.22"]
[EventType "swiss"]
[EventRounds "5"]
[EventCountry "GGB"]
[SourceTitle "EXT 2019"]
[Source "ChessBase"]
[SourceDate "2018.10.10"]
[SourceVersion "1"]
[SourceVersionDate "2018.10.10"]
[SourceQuality "1"]

1. Nf3 Nf6 2. g3 g6 3. Bg2 Bg7 4. 0-0 0-0 5. c4 d6 6. Nc3 c6 7. d3 Bg4 8. h3 Bxf3 9. Bxf3 Nbd7 10. Bg2 e5 11. Rb1 a5 12. a3 Re8 13. b4 axb4 14. axb4 Nf8 15. b5 Qc7 16. Qb3 Rab8 17. Be3 Ne6 18. bxc6 bxc6 19. Qa4 c5 20. Nb5 Qd7 21. Qa6 Nd4 22. Bxd4 exd4 23. Rfe1 d5 24. cxd5 Nxd5 25. Bxd5 Qxd5 26. Nc7 Rxb1 27. Rxb1 1-0

[Event "Madrid Oliver Gonzalez Memorial 2nd"]
[Site "Madrid"]
[Date "2011.10.14"]
[Round "7"]
[White "De Vega Fernandez, Francisco Javier"]
[Black "Perez Cameselle, Francisco Jose"]
[Result "0-1"]
[WhiteElo "1829"]
[BlackElo "1938"]
[PlyCount "68"]
[EventDate "2011.10.08"]
[EventType "swiss"]
[EventRounds "9"]
[EventCountry "ESP"]
[SourceTitle "CBM 144 Extra"]
[Source "ChessBase"]
[SourceDate "2011.10.28"]
[SourceVersion "1"]
[SourceVersionDate "2011.10.28"]
[SourceQuality "1"]

1. e4 g6 2. d4 d6 3. Nc3 Bg7 4. f4 Nf6 5. Nf3 c5 6. Be3 Ng4 7. Qd2 Nxe3 8. Qxe3 cxd4 9. Nxd4 Qb6 10. 0-0-0 0-0 11. Nd5 Qd8 12. h4 Nc6 13. h5 Nxd4 14. Rxd4 Bxd4 15. Qxd4 e5 16. Qe3 Be6 17. hxg6 fxg6 18. f5 Bxd5 19. Qh6 Qe7 20. exd5 Rxf5 21. Bd3 Qg5+ 22. Qxg5 Rxg5 23. Be4 Rf8 24. Kd2 Rf4 25. Re1 Rg3 26. c3 Rf2+ 27. Re2 Rxe2+ 28. Kxe2 h5 29. b4 Kg7 30. c4 Ra3 31. Bb1 b6 32. c5 bxc5 33. bxc5 dxc5 34. d6 Ra6 0-1

[Event "Madrid Oliver Gonzalez Memorial 2nd"]
[Site "Madrid"]
[Date "2011.10.11"]
[Round "4"]
[White "Jimenez Vera, Ruben"]
[Black "De Vega Fernandez, Francisco Javier"]
[Result "0-1"]
[WhiteElo "1591"]
[BlackElo "1829"]
[PlyCount "82"]
[EventDate "2011.10.08"]
[EventType "swiss"]
[EventRounds "9"]
[EventCountry "ESP"]
[SourceTitle "CBM 144 Extra"]
[Source "ChessBase"]
[SourceDate "2011.10.28"]
[SourceVersion "1"]
[SourceVersionDate "2011.10.28"]
[SourceQuality "1"]

1. d4 d5 2. Nf3 Nf6 3. g3 g6 4. Bg2 Bg7 5. Nc3 c6 6. Bf4 0-0 7. 0-0 Re8 8. Qd2 Nbd7 9. Ne5 Nh5 10. Nxd7 Nxf4 11. Ne5 Nxg2 12. Kxg2 f6 13. Nd3 e5 14. dxe5 fxe5 15. e4 Be6 16. f4 dxe4 17. Nxe4 exf4 18. Qxf4 Bd5 19. Rae1 Qe7 20. Ndf2 Rf8 21. Qe3 Rae8 22. c4 Bxc4 23. Rg1 Bd5 24. Qxa7 c5 25. Qa4 Bd4 26. Rgf1 Rxf2+ 27. Rxf2 Bxe4+ 28. Rxe4 Qxe4+ 29. Rf3 Rf8 30. Qc4+ Kh8 31. Qf1 Qxf3+ 32. Qxf3 Rxf3 33. Kxf3 Bxb2 34. Ke4 c4 35. Ke3 c3 36. Kd3 Kg7 37. h3 Kf6 38. a3 b5 39. Kc2 Ke5 40. Kd3 h5 41. h4 Kf5 0-1

[Event "ESP-ch Student"]
[Site "Cartagena"]
[Date "2007.05.07"]
[Round "1"]
[White "Mengual Bolo, Carles"]
[Black "De Vega Fernandez, Francisco Javier"]
[Result "1-0"]
[WhiteElo "2145"]
[BlackElo "1820"]
[PlyCount "52"]
[EventDate "2007.05.06"]
[EventType "swiss"]
[EventRounds "9"]
[EventCountry "ESP"]
[SourceTitle "CBM 118 Extra"]
[Source "ChessBase"]
[SourceDate "2007.07.04"]
[SourceVersion "1"]
[SourceVersionDate "2007.07.04"]
[SourceQuality "1"]

1. d4 Nf6 2. Nf3 e6 3. Nbd2 c5 4. c3 d5 5. e3 Be7 6. Bd3 0-0 7. 0-0 Nbd7 8. Re1 Qc7 9. Qe2 e5 10. e4 cxd4 11. cxd4 exd4 12. e5 Ne4 13. Nxe4 dxe4 14. Qxe4 g6 15. Qxd4 Bc5 16. Qh4 Nxe5 17. Nxe5 Re8 18. Bf4 Bd6 19. Rac1 Qe7 20. Qxe7 Rxe7 21. Bg3 Bb4 22. Re3 Bd2 23. Ree1 Bxc1 24. Rxc1 Be6 25. b3 Rae8 26. Bh4 Bf5 1-0